00820nam a2200169 a 450000100100000000500170001000800410002704000250006808200150009311100820010824500940019026000370028430000210032195201130034295201780045599900170063300003926620201002031553.0130619s1993 dr r 000 0 spa d aDO-SdBNPbspacBNPHU axxxxbxxxx2 aCongreso de sexualidad humanan(4to. :d1993-nov-3-5 :cSanto Domingo)96546510aMemorias IV congreso de sexualidad humana :beducación sexual ¿una alternativa viable? aSanto Domingo :bCenapec,c1993. a179 p. ;c22 cm. 0010718PDaPDbPDcHDd2013-06-19iLF1l0oxxxx xxxxp39266-10r2020-06-25w2020-06-25yLFPDZNo se presta 0010718PDaPDbPDcHDd2019-07-05iLF1l0oxxxx xxxxp39266-20r2020-06-25te.2w2020-06-25yLFPDzPerteneció a la biblioteca personal de Bárbara Suncar.ZNo se presta c38756d38756